Terms of engagement (Record no. 115924)

MARC details
000 -LEADER
fixed length control field 01344cad a22002535a 4500
001 - CONTROL NUMBER
control field L159464
008 - FIXED-LENGTH DATA ELEMENTS--GENERAL INFORMATION
fixed length control field 170727s2017 xxk f 000 0 eng d
020 ## - INTERNATIONAL STANDARD BOOK NUMBER
International Standard Book Number 9781783211746
035 ## - SYSTEM CONTROL NUMBER
System control number (Sirsi) u159464
041 0# - LANGUAGE CODE
Language code of text/sound track or separate title eng
050 04 - LIBRARY OF CONGRESS CALL NUMBER
Classification number 333.335 $2 18
110 2# - MAIN ENTRY--CORPORATE NAME
Corporate name or jurisdiction name as entry element Royal Institution of Chartered Surveyors
9 (RLIN) 4900
245 00 - TITLE STATEMENT
Title Terms of engagement
Remainder of title rural estate management services
Medium [electronic resource]
260 ## - PUBLICATION, DISTRIBUTION, ETC.
Place of publication, distribution, etc. London
Name of publisher, distributor, etc. RICS
Date of publication, distribution, etc. 2017
490 #0 - SERIES STATEMENT
Series statement RICS Conditions of Engagement
490 #0 - SERIES STATEMENT
Series statement RICS Guidance Note
520 ## - SUMMARY, ETC.
Summary, etc. Explains matters which should be considered by the agent and the client in order to complete the model agreement for the provision of rural estate management services. It includes the clauses, and the model agreement. Also the schedules for basic services, fees for basic services, additional services, fees for additional services, authorised expenses and disbursements, documents belonging to the client, and client regulations.
650 24 - SUBJECT ADDED ENTRY--TOPICAL TERM
Topical term or geographic name entry element MODEL AGREEMENT
650 24 - SUBJECT ADDED ENTRY--TOPICAL TERM
Topical term or geographic name entry element RURAL ESTATE MANAGEMENT
651 #4 - SUBJECT ADDED ENTRY--GEOGRAPHIC NAME
Geographic name United Kingdom
690 ## - LOCAL SUBJECT ADDED ENTRY--TOPICAL TERM (OCLC, RLIN)
Topical term or geographic name as entry element Rural
9 (RLIN) 6268
856 40 - ELECTRONIC LOCATION AND ACCESS
Uniform Resource Identifier <a href="https://www.rics.org/profession-standards/rics-standards-and-guidance/sector-standards/land-standards/terms-of-engagement-rural-estate-management-services">https://www.rics.org/profession-standards/rics-standards-and-guidance/sector-standards/land-standards/terms-of-engagement-rural-estate-management-services</a>
Public note View the guidance note free of charge at www.rics.org...
942 ## - ADDED ENTRY ELEMENTS (KOHA)
Suppress in OPAC 0
Source of classification or shelving scheme Dewey Decimal Classification
Holdings
Withdrawn status Lost status Source of classification or shelving scheme Damaged status Not for loan Home library Current library Shelving location Date acquired Total Checkouts Full call number Barcode Date last seen Copy number Price effective from Koha item type
    Dewey Decimal Classification     London London RICS Boxes 28/07/2017   RICS 2017/6 30078437 06/08/2019 1 06/08/2019 Archive
    Dewey Decimal Classification     London London RICS Boxes 28/07/2017   RICS 2017/6 30078438 06/08/2019 2 06/08/2019 Reference material
    Dewey Decimal Classification     Virtual Virtual Online 27/07/2017   ONLINE PUBLICATION 159464-2001 22/03/2023 3 06/08/2019 Book